Statistics for Top 10 Quarterbacks of All Time (Sports Illustrated)

Click here to take the quiz!

General Stats

  • This quiz has been taken 8,684 times
  • The average score is 7 of 10

Answer Stats

HintAnswer% Correct
PatriotsTom Brady
98%
Colts and BroncosPeyton Manning
96%
49ers and ChiefsJoe Montana
93%
DolphinsDan Marino
85%
BroncosJohn Elway
83%
Packers, Vikings, Falcons and JetsBrett Favre
74%
49ers and BuccaneersSteve Young
68%
PackersBart Starr
56%
Colts and ChargersJohnny Unitas
50%
RedskinsSammy Baugh
17%

Score Distribution

Percentile by Number Answered

Percent of People with Each Score

Your Score History

You have not taken this quiz